<?xml version="1.0" encoding="UTF-8"?><?xml-stylesheet type="text/xsl" href="static/style.xsl"?><OAI-PMH xmlns="http://www.openarchives.org/OAI/2.0/" xmlns:xsi="http://www.w3.org/2001/XMLSchema-instance" xsi:schemaLocation="http://www.openarchives.org/OAI/2.0/ http://www.openarchives.org/OAI/2.0/OAI-PMH.xsd"><responseDate>2026-04-13T01:59:08Z</responseDate><request verb="GetRecord" identifier="oai:www.recercat.cat:2072/471848" metadataPrefix="marc">https://recercat.cat/oai/request</request><GetRecord><record><header><identifier>oai:recercat.cat:2072/471848</identifier><datestamp>2024-11-04T06:50:39Z</datestamp><setSpec>com_2072_98</setSpec><setSpec>col_2072_378192</setSpec></header><metadata><record xmlns="http://www.loc.gov/MARC21/slim" xmlns:dcterms="http://purl.org/dc/terms/" xmlns:xsi="http://www.w3.org/2001/XMLSchema-instance" xmlns:doc="http://www.lyncode.com/xoai" xsi:schemaLocation="http://www.loc.gov/MARC21/slim http://www.loc.gov/standards/marcxml/schema/MARC21slim.xsd">
   <leader>00925njm 22002777a 4500</leader>
   <datafield ind2=" " ind1=" " tag="042">
      <subfield code="a">dc</subfield>
   </datafield>
   <datafield ind2=" " ind1=" " tag="720">
      <subfield code="a">Canevacci, Massimo</subfield>
      <subfield code="e">author</subfield>
   </datafield>
   <datafield ind2=" " ind1=" " tag="260">
      <subfield code="c">2021</subfield>
   </datafield>
   <datafield ind2=" " ind1=" " tag="520">
      <subfield code="a">La división del conocimiento en disciplinas-disciplinadas, tal y como fue establecido por la división del trabajo en la era industrial, dividido en facultades, departamentos, currículos, etcétera, se ha disuelto en la atmósfera de los píxeles. La constelación conceptual del ensayo se basa en una indisciplina metodológica. El estudio de lo material y de lo inmaterial, de lo analógico y de lo digital, mezcla conceptos clave: sincretismos culturales, polifonías narrativas, subjetividad ubicua, diásporas inquietas, meta-fetichismos. El etnógrafo se desplaza en torno a estas ideas, intenta capturar los pequeños detalles de los paisajes que van fluyendo en su camino y, de este modo, aprende también a observarse. En el curso de estos métodos reflexivos, el investigador descubre que es parte de la investigación, además de cerciorarse de la inconsistencia dialéctica sujeto/objeto</subfield>
   </datafield>
   <datafield ind1="8" ind2=" " tag="024">
      <subfield code="a">http://hdl.handle.net/2072/471848</subfield>
   </datafield>
   <datafield tag="653" ind2=" " ind1=" ">
      <subfield code="a">Indisciplina</subfield>
   </datafield>
   <datafield tag="653" ind2=" " ind1=" ">
      <subfield code="a">Ubicuidad</subfield>
   </datafield>
   <datafield tag="653" ind2=" " ind1=" ">
      <subfield code="a">Diáporas</subfield>
   </datafield>
   <datafield tag="653" ind2=" " ind1=" ">
      <subfield code="a">Polifonías</subfield>
   </datafield>
   <datafield tag="653" ind2=" " ind1=" ">
      <subfield code="a">Sincretismos</subfield>
   </datafield>
   <datafield tag="653" ind2=" " ind1=" ">
      <subfield code="a">Fetiches</subfield>
   </datafield>
   <datafield ind2="0" ind1="0" tag="245">
      <subfield code="a">Hacia una antropología no antropocéntrica</subfield>
   </datafield>
</record></metadata></record></GetRecord></OAI-PMH>